Вацлав Леонович Кретович - исследователь, учитель, гуманист (Запись № 4532742)

Подробности
000 -МАРКЕР
контрольное поле 01824nam0a2200349 i 4500
001 - ИДЕНТИФИКАТОР ЗАПИСИ
контрольное поле RU\NLR\bibl\2039848
005 - ИДЕНТИФИКАТОР ВЕРСИИ
контрольное поле 20260406124301.0
010 ## - МЕЖДУНАРОДНЫЙ СТАНДАРТНЫЙ НОМЕР КНИГИ (ISBN)
Номер (ISBN) 9785934394388
Тираж 250
021 ## - НОМЕР ГОСУДАРСТВЕННОЙ РЕГИСТРАЦИИ
Код страны российская федерация
Номер 2013-36151
Номер Листа государственной регистраци 2476
035 ## - ДРУГИЕ СИСТЕМНЫЕ НОМЕРА
Идентификатор записи (NLR Aleph) 002027168
100 ## - ДАННЫЕ ОБЩЕЙ ОБРАБОТКИ
Данные общей обработки 20131026d2013 u y0rusy50 ca
101 0# - ЯЗЫК РЕСУРСА
Язык текста, звукозаписи и т.д. русский
-- английский
-- польский
102 ## - СТРАНА ПУБЛИКАЦИИ ИЛИ ПРОИЗВОДСТВА
Страна публикации российская федерация
105 ## - ПОЛЕ КОДИРОВАННЫХ ДАННЫХ: ТЕКСТОВЫЕ МАТЕРИАЛЫ, МОНОГРАФИЧЕСКИЕ
Кодированные данные о монографическом текстовом документе a||||||||||||
200 1# - ЗАГЛАВИЕ И СВЕДЕНИЯ ОБ ОТВЕТСТВЕННОСТИ
Основное заглавие Вацлав Леонович Кретович - исследователь, учитель, гуманист
Сведения, относящиеся к заглавию [сборник]
Первые сведения об ответственности Ин-т биохимии им. А.Н. Баха, Рос. акад. наук
Последующие сведения об ответственности [сост.: А.Ф. Топунов и др.
-- отв. ред.: чл.-корр. РАН В.О. Попов]
210 ## - ПУБЛИКАЦИЯ, РАСПРОСТРАНЕНИЕ И ДР.
Место издания, распространения и т.д. Москва
Имя издателя, распространителя и т. д. Р.Валент
Дата издания, распространения и т.д. 2013
215 ## - ФИЗИЧЕСКАЯ ХАРАКТЕРИСТИКА
Специфическое обозначение материала и объем 267 с., XXXII л. ил., цв. ил., портр.
Размеры 22
300 ## - ОБЩИЕ ПРИМЕЧАНИЯ
Текст примечания Часть текста на англ., пол. яз.
320 ## - ПРИМЕЧАНИЯ О НАЛИЧИИ В ДОКУМЕНТЕ БИБЛИОГРАФИИ / УКАЗАТЕЛЯ
Текст примечания Библиогр.: с. 216-222 (119 назв.) и в подстроч. примеч.
320 ## - ПРИМЕЧАНИЯ О НАЛИЧИИ В ДОКУМЕНТЕ БИБЛИОГРАФИИ / УКАЗАТЕЛЯ
Текст примечания Труды В.Л. Кретовича: с. 228-251
600 #1 - ИМЯ ЛИЦА КАК ПРЕДМЕТ
Начальный элемент ввода Кретович
Часть имени, кроме начального элемента ввода В.Л.
Даты 1907 - 1993
Расширение инициалов личного имени Вацлав Леонович
Формальный подзаголовок Воспоминания, записки и т.п.
Системный номер авторитетной/нормативной записи 1383438
Идентификатор авторитетной/нормативной записи RU\NLR\AUTH\66580852
686 1# - ИНДЕКСЫ ДРУГИХ КЛАССИФИКАЦИЙ
Индекс Е072д(2)Кретович
702 #1 - ИМЯ ЛИЦА - ВТОРИЧНАЯ ОТВЕТСТВЕННОСТЬ
Начальный элемент ввода Топунов
Часть имени, кроме начального элемента ввода А. Ф.
Расширение инициалов личного имени Алексей Федорович
Код отношения Составитель
702 #1 - ИМЯ ЛИЦА - ВТОРИЧНАЯ ОТВЕТСТВЕННОСТЬ
Код отношения Редактор
Материалы, к которым относится поле rus
Графика поля Кириллица
Начальный элемент ввода Попов
Часть имени, кроме начального элемента ввода В. О.
Дополнения к именам, кроме дат д-р хим. наук
Расширение инициалов личного имени Владимир Олегович
Идентификатор авторитетной/нормативной записи RU\NLR\AUTH\7733040
Системный номер авторитетной/нормативной записи 16048
702 #1 - ИМЯ ЛИЦА - ВТОРИЧНАЯ ОТВЕТСТВЕННОСТЬ
Начальный элемент ввода Кретович
Часть имени, кроме начального элемента ввода В. Л.
Даты 1907-1993
Расширение инициалов личного имени Вацлав Леонович
Код отношения Прочие
712 02 - НАИМЕНОВАНИЕ ОРГАНИЗАЦИИ - ВТОРИЧНАЯ ОТВЕТСТВЕННОСТЬ
Код отношения Прочие
Начальный элемент ввода Институт биохимии им. А. Н. Баха
Идентифицирующий признак Москва
Идентификатор авторитетной/нормативной записи RU\NLR\AUTH\8817142
Системный номер авторитетной/нормативной записи 307523
801 #0 - ИСТОЧНИК ЗАПИСИ
Страна российская федерация
Организация NLR
Дата составления 20130605
Правила каталогизации RCR
801 #1 - ИСТОЧНИК ЗАПИСИ
Страна российская федерация
Организация NLR
Дата составления 20130605
942 ## - ДОПОЛНИТЕЛЬНЫЕ ЭЛЕМЕНТЫ ЗАПИСИ (АБИС)
Тип экземпляра АБИС Книга
980 ## - КОЛЛЕКЦИЯ
Название коллекции НБР

Нет доступных экземпляров.